000 00704nam a2200181Ia 4500
008 100920s9999 xx 000 0 und d
082 _b64973
_a37 0
100 _a-अनुभवी तज्ञ --.
245 _aप्लस्टीक आणि रबर उद्योग.
260 _bॅरघुवंशी प्रकाशन ुपुणे.
_c0
300 _a268
_bकापडी
365 _b65
520 _aुउदयोजक विभाग.
630 _aप्लस्टीक आणि रबर उद्योग.
650 _aुउदयोजक विभाग.
730 _aप्लस्टीक आणि रबर उद्योग.
942 _cBOOK
999 _c707902
_d707899